000 00329nam a2200145Ia 4500
005 20240719011434.0
008 240331s9999 xx 000 0 und d
082 _a200.042
_bYUS
100 _aYusuf, M.S.M
245 0 _aMarriage and Women in Islam
260 _c1994
300 _a54 p .,
650 _aWomen in islam
942 _cL
999 _c807
_d807